The New Supply Chain Agenda the Five Steps that Drive Real Value
Salvato in:
| Autore principale: | |
|---|---|
| Altri autori: | , |
| Natura: | Libro |
| Lingua: | inglese |
| Pubblicazione: |
Boston
Harvard Business Press
2010
|
| Soggetti: | |
| Tags: |
Nessun Tag, puoi essere il primo ad aggiungerne!!
|
MARC
| LEADER | 00000nam a2200000 4500 | ||
|---|---|---|---|
| 001 | 0283134 | ||
| 005 | 20240416113606.8 | ||
| 020 | |a 978-1-4221-4936-2 | ||
| 041 | 0 | |a eng | |
| 044 | |a US | ||
| 245 | 1 | 0 | |a The New Supply Chain Agenda |b the Five Steps that Drive Real Value |c Reuben E. Slone, J. Paul Dittmann, John T. Mentzer |
| 264 | 1 | |a Boston |b Harvard Business Press |c 2010 | |
| 300 | |a 216 s. | ||
| 610 | 2 | 0 | |a logistika obchodná |
| 610 | 2 | 0 | |a logistika podniková |
| 610 | 2 | 0 | |a manažment logistický |
| 610 | 2 | 0 | |a riadenie reťazcov dodávateľských |
| 610 | 2 | 0 | |a reťazce logistické |
| 610 | 2 | 0 | |a reťazce dodávateľsko-odberateľské |
| 610 | 2 | 0 | |a reťazce obchodné |
| 610 | 2 | 0 | |a reťazce distribučné |
| 610 | 2 | 0 | |a sklady |
| 610 | 2 | 0 | |a hospodárstvo skladové |
| 610 | 2 | 0 | |a riadenie zásob |
| 610 | 2 | 0 | |a zásobovanie |
| 100 | 1 | |a Slone, Reuben E. | |
| 700 | 1 | |a Dittmann, J. Paul | |
| 700 | 1 | |a Mentzer, John T. | |